South Africa : Financial Sector Assessment Program-Technical Note on Systemic Liquidity Management.

The South African financial markets are the most developed and liquid in Africa and well developed by global standards, as well, reflecting credible and independent policy making, a diverse economy and strong financial institutions. Foreign exchange market turnover is consistently among the top 20 i...

Ful tanımlama

Detaylı Bibliyografya
Müşterek Yazar: International Monetary Fund. Monetary and Capital Markets Department
Materyal Türü: Dergi
Dil:English
Baskı/Yayın Bilgisi: Washington, D.C. : International Monetary Fund, 2022.
Seri Bilgileri:IMF Staff Country Reports; Country Report ; No. 2022/183
Konular:
Online Erişim:Full text available on IMF
LEADER 02138cas a2200289 a 4500
001 AALejournalIMF022988
008 230101c9999 xx r poo 0 0eng d
020 |c 20.00 USD 
020 |z 9798400214523 
022 |a 1934-7685 
040 |a BD-DhAAL  |c BD-DhAAL 
110 2 |a International Monetary Fund.  |b Monetary and Capital Markets Department. 
245 1 0 |a South Africa :   |b Financial Sector Assessment Program-Technical Note on Systemic Liquidity Management. 
264 1 |a Washington, D.C. :  |b International Monetary Fund,  |c 2022. 
300 |a 1 online resource (35 pages) 
490 1 |a IMF Staff Country Reports 
500 |a <strong>Off-Campus Access:</strong> No User ID or Password Required 
500 |a <strong>On-Campus Access:</strong> No User ID or Password Required 
506 |a Electronic access restricted to authorized BRAC University faculty, staff and students 
520 3 |a The South African financial markets are the most developed and liquid in Africa and well developed by global standards, as well, reflecting credible and independent policy making, a diverse economy and strong financial institutions. Foreign exchange market turnover is consistently among the top 20 in the world according to the Bank for International Settlement (BIS) triennial survey. The government bond and interest rate swap yield curves go out to 20 years. The size of the domestic bond market is around 85 percent of GDP, and stock market capitalization is about 300 percent of the GDP. Supporting financial market infrastructure is broadly adequate for the size and turnover of the markets. The central bank (SARB) operates independently and at a high capacity, providing a sound footing for market functioning. 
538 |a Mode of access: Internet 
650 7 |a International Agreements and Observance  |2 imf 
650 7 |a International Organizations  |2 imf 
650 7 |a Monetary Policy  |2 imf 
651 7 |a South Africa  |2 imf 
830 0 |a IMF Staff Country Reports; Country Report ;  |v No. 2022/183 
856 4 0 |z Full text available on IMF  |u https://elibrary.imf.org/openurl?genre=journal&issn=1934-7685&volume=2022&issue=183  |z IMF e-Library